El desarrollo de las inteligencias en la infancia: ejemplos prácticos para una enseñanza exitosa
Uloženo v:
| Hlavní autoři: | , |
|---|---|
| Médium: | Kniha |
| Jazyk: | španělština |
| Vydáno: |
Ciudad de México
Fondo de Cultura Económica
2006
|
| Vydání: | 1a. ed |
| Edice: | Colección Educación y Pedagogía
|
| Témata: | |
| Tagy: |
Přidat tag
Žádné tagy, Buďte první, kdo vytvoří štítek k tomuto záznamu!
|
MARC
| LEADER | 00000nam a2200000 a 4500 | ||
|---|---|---|---|
| 001 | UCI0844 | ||
| 003 | CL-VaPUC | ||
| 008 | 070601e20060000MX |||||||||||||||||spa|d | ||
| 020 | |a 9681676823 | ||
| 082 | 0 | 4 | |a 153.9 |b BRU |2 21 |
| 100 | 0 | |a Brunner, Ilse |e author |9 520987 | |
| 700 | 0 | |a Rottensteiner, Erika |e author |9 520988 | |
| 245 | 1 | 3 | |a El desarrollo de las inteligencias en la infancia: ejemplos prácticos para una enseñanza exitosa |
| 250 | |a 1a. ed | ||
| 300 | |a 328 p | ||
| 942 | |c BK | ||
| 945 | |d 20070601 00:00:00 |a jtorresc | ||
| 260 | |a Ciudad de México |b Fondo de Cultura Económica |c 2006 | ||
| 650 | 0 | |a Inteligencias múltiples |9 469698 | |
| 650 | 0 | |a Psicología del desarrollo |9 307541 | |
| 650 | 0 | |a Inteligencia |9 267038 | |
| 650 | 0 | |a Métodos de enseñanza |9 270413 | |
| 583 | |a last modification |c 20140404 10:47:13 |k Rodrigo Vera | ||
| 490 | 0 | |a Colección Educación y Pedagogía | |
| 999 | |c 325820 |d 325818 | ||
| 952 | |0 0 |1 0 |4 0 |6 153_900000000000000_BRU_2006 |7 0 |8 A |9 407172 |a BIBEDU |b BIBEDU |d 2019-11-22 |i 4342798 |o 153.9 BRU 2006 |p 4342798 |r 2019-11-22 |w 2019-11-22 |y BK |k LIT | ||
| 952 | |0 0 |1 0 |4 0 |6 153_900000000000000_BRU_2006 |7 0 |8 A |9 407173 |a BIBEDU |b BIBEDU |d 2019-11-22 |i 4342801 |o 153.9 BRU 2006 |p 4342801 |r 2019-11-22 |w 2019-11-22 |y BK |k LIT | ||
| 952 | |0 0 |1 0 |4 0 |6 153_900000000000000_BRU_2006 |7 0 |8 A |9 407174 |a BIBCUR |b BIBCUR |d 2019-11-22 |i 4705483 |o 153.9 BRU 2006 |p 4705483 |r 2025-04-22 |w 2019-11-22 |y BK |k KIN | ||